Rol y desafíos de la Armada de República Dominicana en la prevención de los efectos de la contaminación en los ecosistemas costera y marinos nacionales para el año 2021 / (Registro nro. 7380)
[ vista simple ]
| 000 -CABECERA | |
|---|---|
| campo de control de longitud fija | 01462nam a22002297a 4500 |
| 003 - IDENTIFICADOR DEL NÚMERO DE CONTROL | |
| campo de control | DO-SdBJH |
| 005 - FECHA Y HORA DE LA ÚLTIMA TRANSACCIÓN | |
| campo de control | 20230328140705.0 |
| 008 - DATOS DE LONGITUD FIJA--INFORMACIÓN GENERAL | |
| campo de control de longitud fija | 230328b |||||||| |||| 00| 0 spa d |
| 040 ## - FUENTE DE LA CATALOGACIÓN | |
| Centro catalogador/agencia de origen | DO-SdBJH |
| Lengua de catalogación | spa |
| Centro/agencia transcriptor | DO-SdBJH |
| 090 ## - LOCALMENTE ASIGNADO TIPO-LC NÚMERO DE CLASIFICACIÓN (OCLC); NÚMERO DE CLASIFICACIÓN LOCAL (RLIN) | |
| Número de clasificación (OCLC) (R) ; Numero de clasificación, CALL (RLIN) (NR) | TG EGCEMN |
| Número cutter local (OCLC) ; Número de libro/Signatura topográfica íntegra, CALL (RLIN) | 01925 2021 |
| 100 1# - ENTRADA PRINCIPAL--NOMBRE DE PERSONA | |
| Nombre de persona | Paredes Ramírez, Carlos José |
| Término indicativo de función/relación | sustentante |
| 245 10 - MENCIÓN DE TÍTULO | |
| Título | Rol y desafíos de la Armada de República Dominicana en la prevención de los efectos de la contaminación en los ecosistemas costera y marinos nacionales para el año 2021 / |
| Mención de responsabilidad, etc. | Carlos José Paredes Ramírez, asesores Radhamés Vega Domínguez, Eddy Gerónimo Soto |
| 260 ## - PUBLICACIÓN, DISTRIBUCIÓN, ETC. | |
| Lugar de publicación, distribución, etc. | Santo Domingo Este : |
| Nombre del editor, distribuidor, etc. | INSUDE, |
| Fecha de publicación, distribución, etc. | 2021 |
| 300 ## - DESCRIPCIÓN FÍSICA | |
| Extensión | xv, 78 páginas, imágenes |
| 502 ## - NOTA DE TESIS | |
| Nota de tesis | Tesis (Especialidad en Comando y Estado Mayor Naval). -- Instituto Superior para la Defensa (INSUDE). Escuela de Graduados de Estudios Superiores Navales, 2021 |
| 504 ## - NOTA DE BIBLIOGRAFÍA, ETC. | |
| Nota de bibliografía, etc. | Incluye referencias bibliográficas e índices |
| 505 ## - NOTA DE CONTENIDO CON FORMATO | |
| Nota de contenido con formato | Fundamentación teórica y legal sobre la prevención de la contaminación marina. -- Perspectiva de la contaminación marina en República Dominicana. -- Rol de la Armada de Republica Dominicana en la prevención y control de la contaminación costero-marina en República Dominicana |
| 700 1# - PUNTO DE ACCESO ADICIONAL--NOMBRE DE PERSONA | |
| Nombre de persona | Vega Domínguez, Radhamés |
| Término indicativo de función/relación | sustentante |
| 710 ## - PUNTO DE ACCESO ADICIONAL--NOMBRE DE ENTIDAD CORPORATIVA | |
| Nombre de entidad corporativa o nombre de jurisdicción como elemento de entrada | Gerónimo Soto, Eddy |
| Término indicativo de función/relación | asesor |
| 830 ## - PUNTO DE ACCESO ADICIONAL DE SERIE-TÍTULO UNIFORME | |
| Título uniforme | INSUDE. “Escuela de Graduados de Estudios Superiores Navales”. Tesis y disertaciones académicas |
| 942 ## - ELEMENTOS DE PUNTO DE ACCESO ADICIONAL (KOHA) | |
| Fuente del sistema de clasificación o colocación | Clasificación Local |
| Tipo de ítem Koha | Tesis |
| Estado de retiro | Estado de pérdida | Fuente del sistema de clasificación o colocación | Estado dañado | No para préstamo | Código de colección | Localización permanente | Ubicación/localización actual | Fecha de adquisición | Número de inventario | Total de préstamos | Signatura topográfica completa | Código de barras | Fecha visto por última vez | Número de copia | Precio válido a partir de | Tipo de ítem Koha |
|---|---|---|---|---|---|---|---|---|---|---|---|---|---|---|---|---|
| Clasificación Local | Préstamo Interno | Trabajos de Grado e Investigción | SIBM UNADE - Biblioteca Sede Central | SIBM UNADE - Biblioteca Sede Central | 03/28/2023 | 21-01925 | TG EGCEMN 01925 2021 | 21-01925 | 03/28/2023 | e.1 | 03/28/2023 | Tesis |
